1496 1179 1556 1869 1556 1688 1038 1889 1063 1961 1239 1372 1177 1871 1506 1010 1884 1381 1738 1430 1108 1941 1598 1096 1710 1524 1684 1478 1446 1738 1356 1955 1939 1680 1586 1971 1228 1843 1741 1487 1997 1400 1908 1541 1227 1307 1028 1823 1599 1644 1613 1881 1526 1667 1663 1718 1166 1339 1996 1428 1159 1806 1998 1154 1131 1782 1413 1585 1385 1205 1407 1707 1040 1647 1927 1258 1811 1274 1693 1404 1227 1569 1849 1578 1407 1281 1706 1386 1034 1782 1108 1048 1103 1727 1751 1621 1317 1618 1344 BCNSPRNW ULIB Ver.6.0+V

เปลี่ยนเป็นภาษาไทย

Change to English
 แสดงรายละเอียดบรรณานุกรม
  กลับหน้าหลัก

Brief Record : Get Marc (ISO 2709) : E-mail record : QR code < ปิดหน้าต่าง
LEADER : 00000nam 2200000uu 4500
001    13399126634
003     ULIB
008    190129s2561||||th 000 0 tha d
020    ^a9786164559851
060    ^aWA395 อ949ส
100    ^aแอนน์ จิระพงษ์สุวรรณ
245    ^aสภาพแวดล้อมในการทำงานและความเสี่ยงทางสุขภาพ : หลักการและการประยุกต์ใช้ทางการพยาบาลอาชีวอนามัย/^cแอนน์ จิระพงษ์สุวรรณ
250    ^aพิมพ์ครั้งที่ 1
260    ^aกรุงเทพฯ :^bแดเน็กซ์อินเตอร์คอร์ปอเรชั่น,^c2561
300    ^a229 หน้า^bภาพประกอบ
650    ^aความปลอดภัยในการทำงาน
650    ^aสุขภาพ
650    ^aอาชีวอนามัย
945    ^p300^l0^i005006
945    ^p300^l0^i005003
945    ^p300^l0^i005004
945    ^p300^l0^i005005
945    ^p300^l0^i005002
945    ^p300^l0^i005007
999    ^aประนอม เกษจรัล
รายการนี้ยังไม่มีแท็ก
คุณยังไม่ได้ล็อกอิน คุณสามารถมีกิจกรรมร่วมกับเว็บไซต์ได้ แต่ต้องล็อกอินก่อน ::
  ล็อกอิน

รายการสื่อสารสนเทศ

ลำดับที่ ประเภท เลขเรียก/บาร์โค้ด สถานที่ สถานะ
1. วิทยาศาสตร์การแพทย์ และสุขภาพ
หนังสือสำรอง
สถานะ=หนังสือสำรอง
WA395 อ949ส ฉ.1 
  Barcode: 005002
ห้องสมุดวิทยาเขตสวรรค์ประชารักษ์
►หนังสือทั่วไป
บนชั้น
2. วิทยาศาสตร์การแพทย์ และสุขภาพ
วิทยาศาสตร์การแพทย์ และสุขภาพ
WA395 อ949ส ฉ.2 
  Barcode: 005003
ห้องสมุดวิทยาเขตสวรรค์ประชารักษ์
►หนังสือทั่วไป
บนชั้น
3. วิทยาศาสตร์การแพทย์ และสุขภาพ
วิทยาศาสตร์การแพทย์ และสุขภาพ
WA395 อ949ส ฉ.3 
  Barcode: 005004
ห้องสมุดวิทยาเขตสวรรค์ประชารักษ์
►หนังสือทั่วไป
บนชั้น
4. วิทยาศาสตร์การแพทย์ และสุขภาพ
วิทยาศาสตร์การแพทย์ และสุขภาพ
WA395 อ949ส ฉ.4 
  Barcode: 005005
ห้องสมุดวิทยาเขตสวรรค์ประชารักษ์
►หนังสือทั่วไป
บนชั้น
5. วิทยาศาสตร์การแพทย์ และสุขภาพ
วิทยาศาสตร์การแพทย์ และสุขภาพ
WA395 อ949ส ฉ.5 
  Barcode: 005006
ห้องสมุดวิทยาเขตสวรรค์ประชารักษ์
►หนังสือทั่วไป
บนชั้น
6. วิทยาศาสตร์การแพทย์ และสุขภาพ
วิทยาศาสตร์การแพทย์ และสุขภาพ
WA395 อ949ส ฉ.6 
  Barcode: 005007
ห้องสมุดวิทยาเขตสวรรค์ประชารักษ์
►หนังสือทั่วไป
บนชั้น

รายการใกล้เคียง
    ผู้แต่ง [แอนน์ จิระพงษ์สุวรรณ]

    หัวเรื่อง [ความปลอดภัยในการทำงาน]
    หัวเรื่อง [สุขภาพ]
    หัวเรื่อง [อาชีวอนามัย]

BibComment


ยังไม่เคยถูกคอมเมนท์

คอมเมนท์ทรัพยากรรายการนี้
  คอมเมนท์: สภาพแวดล้อมในการ..


 Copyright 2026. Bcnsprnw @Library